000 00590nam a2200229Ia 4500
003 OSt
005 20220923225657.0
006 a|||||r|||| 00| 0
007 ta
008 Pun
024 _a273,376
037 _cTextual
040 _aARTS
_cARTS
_bPun
041 _2Pun
_aPun
082 _aO153wN, M3
100 _aਸਿੰਘ, ਪਿਆਰਾ, ਥਦ.
245 0 _aਵਸੀਅਤ ਨਾਮਾ
260 _c1983
650 _aਪੰਜਾਬੀ ਸਾਹਿਤ
942 _hO153wN, M3
_cTEXL
_2CC
999 _c379796
_d379796